1902 1810 1733 1584 1101 1572 1496 1989 1814 1227 1155 1549 1343 1234 1984 1428 1905 1509 1806 1643 1038 1300 1211 1637 1250 1569 1702 1664 1315 1649 1890 1183 1315 1432 1786 1027 1289 1360 1615 1524 1861 1271 1210 1608 1834 1825 1333 1518 1701 1770 1024 1311 1123 1813 1668 1605 1429 1090 1812 1165 1955 1368 1999 1937 1836 1185 1503 1173 1167 1366 1323 1363 1847 1392 1152 1303 1548 1395 1557 1244 1038 1252 1926 1167 1412 1928 1503 1488 1744 1008 1438 1002 1983 1532 1730 1932 1206 1308 1610 BCNSPRNW ULIB Ver.6.0+V

เปลี่ยนเป็นภาษาไทย

Change to English
 แสดงรายละเอียดบรรณานุกรม
  กลับหน้าหลัก

Brief Record : Get Marc (ISO 2709) : E-mail record : QR code < ปิดหน้าต่าง
LEADER : 00000nam 2200000uu 4500
001    13399112171
003     ULIB
008    110729s2544||||th 000 0 tha d
050 04 HD37^bพ361ม 2544
110 1  สถาบันพระบรมราชชนก
245 10 หลักการบริหารสมัยใหม่ สำหรับองค์การและหน่วยงาน/^cสถาบันพระบรมราชชนก
260    นนทบุรี :^bสถาบันพระบรมราชชนก,^c2544
300    104 หน้า
650  7 หลักบริหาร
650  7 การบริหารสมัยใหม่
650  7 SWOT Analysis
945    ^p0^l0^i013616
945    ^p0^l0^i013617
945    ^p0^l0^i013618
945    ^p0^l0^i013619
945    ^p0^l0^i013620
945    ^p0^l0^i013621
945    ^p0^l0^i013622
945    ^p0^l0^i013623
945    ^p0^l0^i013624
945    ^p0^l0^i013625
995    ทศพร
999 ^a ทศพร
รายการนี้ยังไม่มีแท็ก
คุณยังไม่ได้ล็อกอิน คุณสามารถมีกิจกรรมร่วมกับเว็บไซต์ได้ แต่ต้องล็อกอินก่อน ::
  ล็อกอิน

รายการสื่อสารสนเทศ

ลำดับที่ ประเภท เลขเรียก/บาร์โค้ด สถานที่ สถานะ
- ไม่พบข้อมูล -

BibComment


ยังไม่เคยถูกคอมเมนท์

คอมเมนท์ทรัพยากรรายการนี้
  คอมเมนท์: หลักการบริหารสมัย..


 Copyright 2026. Bcnsprnw @Library